000 02156nam a2200349 i 4500
001
003 OSt
005 20240620105440.0
007 ta
008 091117s2002 dr 000 0 spa d
020 _z8489525234
040 _aDO-SdBNP
_bspa
_cBNPHU
_erda
082 4 _a349.7293
_bV422h, 2004
_222
100 1 _aVega B., Wenceslao,
_d1932-
_938670
_eautor
245 1 0 _aHistoria del derecho dominicano /
_cWenceslao Vega B.
250 _a4a. ed. actualizada hasta 2002
264 _aSanto Domingo :
_bAmigo del Hogar,
_c2002.
300 _axiv, 471 páginas ;
_c23 cm.
336 _2rdacontent
_atexto
_btxt
337 _2rdamedia
_asin mediación
_bn
338 _2rdacarrier
_avolumen
_bnc
500 _a La biblioteca posee la segunda reimpresión de la cuarta edición del 2004
500 _aIncluye datos biográficos del autor en la solapa de la cubierta.
500 _aIncluye referencias bibliográficas y notas al pie de las páginas e índice analítico
504 _aBibliografía : páginas 435-440
505 0 _aAntecedentes --
_tEl derecho castellano a fines del siglo XV --
_tEl derecho en la sociedad Taína en la Española --
_tEl derecho al descubrimiento --
_tEl primer derecho en la Isla Española --
_tLos primeros experimentos jurídicos --
_tEl derecho indiano dominicano --
_tEl derecho en los últimos años de la colonia Española --
_tLa ocupación francesa --
_tEl segundo período español (1809-1821) --
_tLa primera independencia --
_t1822-1844 --
_tEl período haitiano --
_t1844-1861--
_tEl primer derecho dominicano --
_t1861-1865 --
_tAnexión a España --
_t1865-1899 --
_t1900-1916 --
_t1916-1924 --
_tLa intervención militar norteamericana 1916-1924 --
_t1924-1930 --
_tGobierno de Vásquez --
_t19301961 --
_tLa Era de Trujillo --
_t1962-1994
_tEnsayos democráticos
_t1996-2002 --
_tEl derecho dominicano para el nuevo milenio --
_t2002-2005 --
_tAdenda para el período 2002-2005.
590 _aInventariado, 2020/VM
650 4 _aDerecho
_zRepública Dominicana
_xHistoria
_943316
650 4 _aDerecho civil
_zRepública Dominicana
_xHistoria
_943317
910 _aVMateo /Validado. Control de calidad MFF
942 _2ddc
_cLBS1
999 _c49179
_d49179